Komunikácia v manažmente

Bibliographic Details
Main Author: Szarková, Miroslava, 1951- (Author)
Format: Book
Language:Slovak
PhysicalDescription:236 strán grafy, schémy tabuľky 24 cm
Published: Praha Wolters Kluwer 2018
ISBN:9788075981844
Edition:Prvé vydanie
Subjects:

MARC

LEADER 00000cam a2200000 4500
001 vtls011789983
003 SK-MaSNL
005 20260301050051.0
008 210624s2018 xr da grn 000 0 slo
015 |a SNBZSA2019/03 
020 |a 9788075981844  |q (brožované) 
035 |a 4B4F56A9-7115-428D-8A17-AAFB6FD35938 
035 |a urn:nbn:sk:snk-am3ie8a 
035 |a urn:nbn:sk:snk-am00e6oj 
040 |a SNK  |b slo  |c SNK  |e rda 
041 0 |a slo 
044 |a xr  |c CZ 
072 7 |a 005  |x Manažment. Riadenie  |2 konspekt 
080 |a 005  |2 2011 
080 |a 005.57  |2 2011 
080 |a (048.8)  |2 2011 
100 1 |a Szarková, Miroslava,  |d 1951-  |4 aut  |9 199829 
245 1 0 |a Komunikácia v manažmente  |c Miroslava Szarková 
250 |a Prvé vydanie 
264 1 |a Praha  |b Wolters Kluwer  |c 2018 
300 |a 236 strán  |b grafy, schémy tabuľky  |c 24 cm 
336 |a text  |b txt  |2 rdacontent 
337 |a bez média  |b n  |2 rdamedia 
338 |a zväzok  |b nc  |2 rdacarrier 
504 |a Bibliografia na strane 223-228 ; bibliografické odkazy ; slovník 
650 0 7 |a manažment  |2 SNKPH  |9 922 
650 0 7 |a manažérska komunikácia  |2 SNKPH  |9 4055 
650 0 7 |a Management  |2 SNKPHeng  |9 265406 
650 0 7 |a Communication in management  |2 SNKPHeng  |9 266180 
655 7 |a monografie  |2 SNKPH  |9 70139 
655 7 |a Monographs  |2 SNKPHeng  |9 120675 
919 |a 978-80-7598-184-4 
958 |a ZS 
958 |a NB 
999 |c 600069  |d 601999 
952 |a SNK  |b SNK  |y PREZ  |7 0  |p 17A1359620  |o snkSC 182841  |i snk2019/3975  |8 1  |0 0  |1 0  |4 0  |d 2019-02-12  |f 1  |l 0  |r 2026-02-23 15:51:41  |w 2026-02-23 
952 |a SNK  |b SNK  |y VYP  |7 0  |p 17A1359621  |o snkSC 182841 D1  |i snk2019/3976  |8 1  |0 0  |1 0  |4 0  |d 2019-02-12  |l 0  |r 2026-02-23 15:51:41  |w 2026-02-23